000 02857nam a22002537a 4500
010 _aENG-112100
020 _a9789351500650
_c995.00
035 _aEN-95632
037 _bDBAD/PUB
082 _a363.610820954
245 _aGender issues in water and sanitation programmes :
_cedited by Aidan A. Cronin, Pradeep K. Mehta [and] Anjal Prakash
_blessons from India /
260 _aNew Delhi
_bSage Publications
_c2015
270 _aB1/I-1, Mohan Cooperative Industrial Area, Mathura Road,
_bNew Delhi
_e110044
300 _axviii,321p.
_c23cm(Hb)
500 _aIncludes bibliographical references and index.
505 _a Foreword / by Joke Muylwijk -- Introduction: achieving the desired gender outcome in water and sanitation / Anjal Prakash, Aidan Cronin and Pradeep K. Mehta -- Conceptual underpinning -- Accelerating gender outcomes : the wash sector / Sunetra Lala, Malika Basu, Jyotsna and Aidan Cronin -- Women and water: vulnerability from water shortages / Yusuf Kabir, Niranjan Vedantam and M. Dinesh Kumar -- Crossing boundaries : gender and IWRM in education and research / Anjal Prakash and Chanda Gurung Goodrich -- Gender and wash: capacity-building initiatives / Swati Sinha -- Case studies: water -- Gender issues in watershed management / Suhas P. Wani , Anantha K.H., Sreedevi, T.K -- Gender and governance : a case of Jalswarajya project / Aditya Bastola -- Unleashing the gender differentials in water management : the rural milieu / Pradeep K. Mehta and Niti Saxena -- The high fluoride burden and tribal women : occurrence and remedy / Tapas Chakma, Gregor von Medeazza, Sanjay Singh and Pradeep Meshram -- Women’s voice in water resource management / K.A.S. Mani, Vallaperla Paul Raja Rao, Madhukar Reddy and Ch. Ram Babu -- Leadership and participation : role of gender / Sudhir Prasad, Satyabrata Acharya and Somnath Basu -- Case studies: sanitation -- Enabling gendered environment for watershed management / Eshwer Kale and Dipak Zade -- Women-led total sanitation : saving lives and dignity / Gregor von Medeazza, Megha Jain, Ajit Tiwari, Janardan Prasad Shukla and Nisheet Kumar -- Innovative approaches in communication / Ajit K. Saxena, Shailesh Mujumdar and Gregor von Medeazza -- Liberty from shame : accelerating sanitation with ASHAs / Amit Mehrotra and Ajay Singh -- Conclusion -- Conclusions and ways forward / Aidan Cronin, Anjal Prakash and Pradeep K. Mehta -- About the editors and contributors -- Index.
650 _aWater-supply, Rural
_zIndia
_x Management
_xCitizen participation
_xCase studies.
650 _aSanitation, Rural
_zIndia
_x Citizen participation
_xCase studies.
650 _aWomen in rural development
_zIndia
_xCase studies.
700 _aCronin,Aidan A.
700 _aMehta, Pradeep Kumar,
700 _aAnjal Prakash
942 _2ddc
_cEN
_mGEN
_h363.610820954
999 _c91245
_d91245